Gramática española

Na minha lista:
Detalhes bibliográficos
Autor principal: Alcina, Juan
Formato: Livro
Idioma:Undetermined
Publicado em: Barcelona, España Ariel 1994
Edição:9
Assuntos:
Tags: Adicionar Tag
Sem tags, seja o primeiro a adicionar uma tag!

MARC

LEADER 00000nam a2200000Ia 4500
008 170316s9999 xx 000 0 und d
090 |a 415-E A-4g 
100 |a Alcina, Juan 
245 |a Gramática española 
250 |a 9 
260 |a Barcelona, España 
260 |b Ariel 
260 |c 1994 
300 |a 725 páginas Vol. 1 
650 |a GRAMÁTICA ESPAÑOLA 
999 |c 18903  |d 18903 
040 |a cru BVZT 
942 |c 15 D  |h 415-E A-4g  |2 z